[Event "Goch op 22nd"]
[Site "Goch"]
[Date "2011.09.30"]
[Round "3"]
[White "Rieken, Heinrich"]
[Black "Bauchmueller, Franz Josef"]
[Result "1-0"]
[WhiteElo "1930"]
[BlackElo "1579"]
[PlyCount "82"]
[EventDate "2011.09.29"]
[EventType "swiss"]
[EventRounds "7"]
[EventCountry "GER"]
[SourceTitle "EXT 2014"]
[Source "ChessBase"]
[SourceDate "2013.11.20"]
[SourceVersion "1"]
[SourceVersionDate "2013.11.20"]
[SourceQuality "1"]

1. e4 e5 2. Nf3 Nc6 3. Bc4 Bc5 4. c3 Nf6 5. d3 d6 6. Bg5 0-0 7. 0-0 Qe7 8. Nbd2 Be6 9. Bb5 Nd8 10. d4 Bb6 11. dxe5 dxe5 12. b4 c6 13. Ba4 Bg4 14. Bh4 Ne6 15. h3 Bh5 16. g4 Bg6 17. Re1 Nf4 18. Kh2 Rad8 19. Qc2 Qe6 20. Bg3 Nd3 21. Re2 Rd7 22. Bb3 Qe7 23. a3 Rfd8 24. c4 h6 25. c5 Bc7 26. Nh4 Kh7 27. f3 Ne8 28. Nc4 f6 29. Nxg6 Kxg6 30. Ne3 Kh7 31. Nf5 Qf8 32. Be6 Nf4 33. Bxf4 exf4 34. Bxd7 Rxd7 35. Rd1 Rxd1 36. Qxd1 Be5 37. Qd7 Nc7 38. Rd2 b6 39. Qxc6 bxc5 40. bxc5 a6 41. Rd7 Qg8 1-0